Incredible Tribes Of India / (Record no. 37660)

MARC details
000 -LEADER
fixed length control field 00698nam a22001937a 4500
005 - DATE AND TIME OF LATEST TRANSACTION
control field 20100726115519.0
010 ## - LCCN (DPL NO)
LC control number ENG-96960
020 ## - INTERNATIONAL STANDARD BOOK NUMBER
International Standard Book Number 9788124114
Terms of availability 500.00
035 ## - SYSTEM CONTROL NUMBER
System control number EN-80493
037 ## - SOURCE OF ACQUISITION
Source of stock number/acquisition DBAD/PUB
082 ## - DEWEY DECIMAL CLASSIFICATION NUMBER
Classification number 307.772
100 ## - MAIN ENTRY--PERSONAL NAME
Personal name Kyndiah, Paty Ripple
245 ## - TITLE STATEMENT
Title Incredible Tribes Of India /
Statement of responsibility, etc by Paty Ripple Kyndiah
260 ## - PUBLICATION, DISTRIBUTION, ETC. (IMPRINT)
Place of publication, distribution, etc New Delhi
Name of publisher, distributor, etc Har- Anand Publications
Date of publication, distribution, etc 2009
270 ## - ADDRESS
Address E-49/3, Okhla Industrial Area, Phase 2
City New Delhi
Postal code 2009
300 ## - PHYSICAL DESCRIPTION
Extent 144p.
Dimensions 22cm (Hb)
942 ## - ADDED ENTRY ELEMENTS (KOHA)
Source of classification or shelving scheme Dewey Decimal Classification
Item type English Books
Classification part 307.772
Call number suffix KYN
Holdings
Withdrawn status Lost status Not for loan Collection code Home library Current library Date acquired Source of acquisition Cost, normal purchase price Full call number Barcode Copy number Cost, replacement price Koha item type
    Not For Loan Non-fiction D.B.Act.Division D.B.Act.Division 26/07/2010 DBAD/PUB 500.00 307.772 KYN EN-80493 1 500.00 English Books

© Delhi Public Library
Hit Counter
free hit counter